Normal view
MARC view
- Ibrahim, Wan Madznah Wan,Kasim, Khairul Naziya,Bijoy,Kumar
Entry Personal Name
001 - CONTROL NUMBER
- control field: 99465
003 - CONTROL NUMBER IDENTIFIER
- control field: NUST
005 - DATE AND TIME OF LATEST TRANSACTION
- control field: 20221007113730.0
008 - FIXED-LENGTH DATA ELEMENTS
- fixed length control field: 221007|| aca||aabn | a|a d
040 ## - CATALOGING SOURCE
- Original cataloging agency: NUST
- Transcribing agency: NUST
100 ## - HEADING--PERSONAL NAME
- Personal name: Ibrahim, Wan Madznah Wan,Kasim, Khairul Naziya,Bijoy,Kumar
670 ## - SOURCE DATA FOUND
- Source citation: Work cat.: (NUST): Ibrahim, Wan Madznah Wan,Kasim, Khairul Naziya,Bijoy,Kumar, Fundamentals of Business Accounting Second Edition:, 2013
